| 000 | 00987nam a2200193Ii 4500 | ||
|---|---|---|---|
| 003 | JO-AjNU | ||
| 008 | 230605s9999||||xx |||||||||||||| ||und|| | ||
| 040 |
_aJO-AjNU _bara _erda _cJO-AjNU |
||
| 041 | _aara | ||
| 050 | 1 | 4 | _aDS35.62.M39 1986 |
| 100 | 3 |
_aالمجمع الملكي لبحوث الحضارة الاسلامية (ماب), _eauthor _945274 |
|
| 245 | 0 | 0 | _aمشروع موسوعة الحضارة الاسلامية / المجمع الملكي لبحوث الحضارة الاسلامية (ماب) : فهرس عناوين الموضوعات (المواد) من الغين حتى الياء، الجزء الثالث |
| 264 | 3 | 1 | _aعمان: المجمع الملكي لبحوث الحضارة الاسلامية (ماب)، 1986 |
| 300 | _aج3، من(1144- 1656 ) ص | ||
| 336 |
_atext _btxt _2rdacontent |
||
| 337 |
_aunmediated _bn _2rdamedia |
||
| 338 |
_avolume _bnc _2rdacarrier |
||
| 650 | 4 |
_aحضارة اسلامية، الاسلام- تاريخ -موسوعات _945275 |
|
| 999 |
_aA19612 _c23180 _d23180 |
||